000 00256nam a2200109Ia 4500
008 190912s9999||||xx |||||||||||||| ||und||
100 _aDiwan, Sharma
245 0 _aElectronic Commerce
260 _aIndia
_bPrentice Hall
_c2000
300 _a302
942 _cBK
999 _c7254
_d7254